Spomienka na MVDr. Pavla Laurenčíka

Podrobná bibliografia
Hlavní autori: Jantošovič, Ján, 1929- (Autor), Bugarský, Andrej, 1942- (Autor), Kozák, Marián, 1946-2016 (Autor)
Médium: Článok
Jazyk:slovenčina
Fyzický popis:Fotogr.
ISSN:1335-0099
Predmet:

MARC

LEADER 00000nab a2200000 a 4500
001 vtls009289355
003 SK-MaSNL
005 20260304152637.0
008 250506c2008 xo |||||||||||000 b|slo
015 |a SNBRB2008/04  |2 snkbucl 
035 |a (uuid)95f24c1b-0a7d-47f1-a5b0-0a18fa48976f 
035 |a urn:nbn:sk:snk-ab12cd 
035 |a (urnnbn)urn:nbn:sk:snk:ar-a03uzl 
038 |a SNKBUCL 
040 |a SNKBUCL  |b slo  |c SNKBUCL  |e AACR2 
041 0 |a slo 
044 |a xo  |c SK 
080 |a 636.09-051  |2 1997 
080 |a 619-051  |2 1997 
080 |a 929 Laurenčík, Pavol  |2 1997 
100 1 |a Jantošovič, Ján,  |d 1929-  |4 aut  |9 196331 
245 1 0 |a Spomienka na MVDr. Pavla Laurenčíka  |c J. Jantošovič, A. Bugarský, M. Kozák 
300 |b Fotogr. 
600 1 7 |a Laurenčík, Pavol,  |d 1913-2001  |2 snkbucl  |9 248897 
655 7 |a profily  |2 snkbucl  |9 341977 
700 1 |a Bugarský, Andrej,  |d 1942-  |4 aut  |9 194620 
700 1 |a Kozák, Marián,  |d 1946-2016  |4 aut  |9 196330 
773 0 |t Slovenský veterinársky časopis = Slovak veterinary journal  |g Roč. XXXIII, č. 1 (2008), s. 65-66  |x 1335-0099 
850 |a Slovenská národná knižnica 
852 |a Slovenská národná knižnica 
954 |a odborná, vedecká literatúra pôvodná (slovenská)  |2 lita 
958 |a article27 
958 |a SK 
958 |a BX 
958 |a OND 
958 |a EUIPO 
999 |c 2950219  |d 2952149